000 00924nam a2200277Ia 4500
003 OSt
005 20221007125347.0
006 a|||||r|||| 00| 0
007 ta
008 221006b |||||||| |||| 00| 0 eng d
020 _a0198501080 (pbk)
_cRs.775.00
024 _a9955
037 _bDhanraj,
_cTextual
040 _aCDL
_cCDL
_beng
041 _2eng
_aeng
082 _aE1, N8
100 _aMingos D M P
_9721524
245 0 _aEssential trends in inorganic chemistry by D M P Mingos
260 _aOxford
_bOxford University Press
_c1998
300 _avi, 392p
_ccm.
500 _aIndex 389-392p; ^n23/CSL/CARC/2002-2003/54^d2002-05-08^mPurchase; ; 2002-03/39^b2002-05-24^c11^d2002-05-24^eRs.2,149.91^fDhanraj Book House; ; 2003-01-22^bSB^c2003-04-09^dRPS
650 _a Inorganic
650 _aChemistry
942 _hE1, N8
_cTEXL
_2CC
999 _c1215144
_d1215144